Hacia un mundo sin pobreza (Registro nro. 4322)
[ vista simple ]
| 000 -LEADER | |
|---|---|
| fixed length control field | 00950 a2200229 4500 |
| 001 - CONTROL NUMBER | |
| control field | 47231 |
| 005 - DATE AND TIME OF LATEST TRANSACTION | |
| control field | 20260407155740.0 |
| 008 - FIXED-LENGTH DATA ELEMENTS--GENERAL INFORMATION | |
| fixed length control field | 260407a1998 arg spa d |
| 003 - CONTROL NUMBER IDENTIFIER | |
| control field | AR-UNSa-BCEJYS |
| 040 ## - CATALOGING SOURCE | |
| Original cataloging agency | AR-UNSa-BCEJYS |
| Language of cataloging | spa |
| Transcribing agency | AR-UNSa-BCEJYS |
| 080 ## - UNIVERSAL DECIMAL CLASSIFICATION NUMBER | |
| Universal Decimal Classification number | 338.124 |
| Common auxiliary subdivision | Retroceso de la actividad económica. Contracción económica (Pobreza...) |
| 020 ## - INTERNATIONAL STANDARD BOOK NUMBER | |
| International Standard Book Number | 84-89691-73-8 |
| 100 1# - MAIN ENTRY--PERSONAL NAME | |
| Personal name | Yunus, Muhammad |
| 245 10 - TITLE STATEMENT | |
| Title | Hacia un mundo sin pobreza |
| 264 #1 - PRODUCTION, PUBLICATION, DISTRIBUTION, MANUFACTURE, AND COPYRIGHT NOTICE | |
| Place of production, publication, distribution, manufacture | Barcelona : |
| Name of producer, publisher, distributor, manufacturer | Andres Bello |
| Date of production, publication, distribution, manufacture, or copyright notice | 1998 |
| 300 ## - PHYSICAL DESCRIPTION | |
| Extent | 333 p. |
| Dimensions | 23 cm. |
| 505 ## - FORMATTED CONTENTS NOTE | |
| Formatted contents note | 1. Los inicios - 2. La fase experimental - 3. La creación - 4. ¿Es exportable el modelo Grameen? - 5. Algunas reflexiones sobre la economía - 6. Nuevas experiencias, nuevos horizontes - 7. Un mundo nuevo. |
| 590 ## - LOCAL NOTE (RLIN) | |
| Local note | niveau_biblio:m niveau_hierar:0 |
| 700 1# - ADDED ENTRY--PERSONAL NAME | |
| Personal name | Azócar, Pablo |
| 856 41 - ELECTRONIC LOCATION AND ACCESS | |
| Uniform Resource Identifier | <a href="https://www.biblioeco.unsa.edu.ar/pmb/images/libros/L127439.jpg">https://www.biblioeco.unsa.edu.ar/pmb/images/libros/L127439.jpg</a> |
| Link text | Imagen de portada |
| Electronic format type | image/jpeg |
| 942 ## - ADDED ENTRY ELEMENTS (KOHA) | |
| Koha item type | |
| Withdrawn status | Lost status | Damaged status | Not for loan | Home library | Current library | Shelving location | Date acquired | Total checkouts | Full call number | Barcode | Date last seen | Price effective from | Koha item type |
|---|---|---|---|---|---|---|---|---|---|---|---|---|---|
| Biblioteca Prof. Eusebio Cleto del Rey | Biblioteca Prof. Eusebio Cleto del Rey | 07/04/2026 | 338.124 Y94 | L127439 | 07/04/2026 | 07/04/2026 | Libro |